000 00807nam a22002657a 4500
001 2006
003 FISKH
005 20231106140020.0
008 231025b cb ||||| |||| 00| 0 eng d
020 _a9781584766155
040 _aFISKH
_beng
_cFISKH
_dFISKH
082 _a741.5973
100 _aBergen, Lara
245 _aTwo ballerinas who need a bit more practice! :
_bTutu twins /
260 _aNorwalk :
_bInnovative Kids,
_c2008.
300 _a24 unnumbered pages :
_ccolor illustrations ;
_b23 cm
505 _aG
520 _aTwo young pigs named Tina and Nina have dreams of being ballet stars.
521 8 _a400
_bLexile
521 8 _aG
_bRaz-Plus
650 _aPig
_vFiction
650 _aBallerinas
_vPractice
700 _aPastel, Elyse
_eillustrator
942 _2ddc
_cBK
_n0
999 _c2006
_d2006